01126cam a2200265 a 45000010008000000030004000080050017000120080041000290100017000700200015000870400024001020420008001260820014001342450193001482500041003412600039003823000027004215000098004485000063005465040051006096500029006606500027006897100072007167300072007884028793OSt20230704132752.0971120s1997 nyu bi i001 0 eng c a 97217890  a9211335213 aMoSU-LcMoSU-LdDLC apcc00a341.7bUN04aThe Law of the sea :bmultilateral treaties : a reference guide to multilateral treaties and other international instruments related to the United Nations Convention on the Law of the Sea. aRev. and updated as of 31 Dec. 1996. aNew York :bUnited Nations,c1997. axiii, 184 p. ;c28 cm. aAt head of title: Division for Ocean Affairs and the Law onpthe Sea, Office of Legal Affairs. a"United Nations publication sales no. E.97.V.9"--Colophon. aIncludes bibliographical references and index. 0aLaw of the seavIndexes. 0aMaritime lawvIndexes.2 aUnited Nations.bDivision for Ocean Affairs and the Law of the Sea.0 aUnited Nations Convention on the Law of the Sead(1982 December 10)